Globálne perspektívy Spojených národov

Generálny tajomník OSN Butrus Butrus Ghálí o globálnej solidarite vyjadrenej v Charte Spojených národov. Éra globálnej spoločnosti v ekonomickej sfére a vo svete informácií. Riziká a nebezpečenstvá globálnej ekonomiky. Šírenie demokracie a globálneho myslenia. Pomoc OSN rozvoju demokracie nielen vnú...

Description complète

Enregistré dans:
Détails bibliographiques
Auteur principal: Butrus-Ghálí, B.
Format: Chapitre de livre
Langue:slovaque
Sujets:
Tags: Ajouter un tag
Pas de tags, Soyez le premier à ajouter un tag!

MARC

LEADER 00000naa a2200000 4500
001 r024595
005 20221205101826.6
041 0 |a slo 
044 |a SK 
245 1 0 |a Globálne perspektívy Spojených národov  |c B. Butrus-Ghálí 
520 |a Generálny tajomník OSN Butrus Butrus Ghálí o globálnej solidarite vyjadrenej v Charte Spojených národov. Éra globálnej spoločnosti v ekonomickej sfére a vo svete informácií. Riziká a nebezpečenstvá globálnej ekonomiky. Šírenie demokracie a globálneho myslenia. Pomoc OSN rozvoju demokracie nielen vnútri štátov a medzi štátmi, ale aj v rámci globálnej spoločnosti. 
610 2 0 |a Svetové ekonomické fórum 
610 2 0 |a Davos 
610 2 0 |a január 
610 2 0 |a 1995 
610 2 0 |a OSN 
610 2 0 |a problémy globálne 
610 2 0 |a globalizácia 
610 2 0 |a demokracia 
610 2 0 |a decentralizácia 
610 2 0 |a podnikanie 
100 1 |a Butrus-Ghálí, B.